00437 2200157 4500001002100000008004100021035002000062245005000082100003500132260003200167300002000199020000600219082001000225650003100235990001300266INLIS000000000000312 ind  a0010-0423000312 a30 DONGENG SEBELUM TIDUR UNTUK ANAK MUSLIM 02 aKIDH HIDAYAT DAN MB. RAHIMSYAH aSURABAYAbMITRA UMMATc2010 a96 hlm.c20 cm. a- a398.5 aBUKU-BUKU DONGENG , BALADA a102716-1